000 00584nam a2200193 a 4500
020 _a0803996284 (U.S.)
020 _a8170361710 (India)
040 _cVYF
082 _a343 SAG 1989 A074 Or.
100 1 _aMarathe, Sharad S.,
245 1 0 _aRegulation and development :
_bIndia's policy experience of controls over industry /
250 _a2nd ed
260 _aNew Delhi ;
_aNewbury Park [Cal.] :
_bSage Publications,
_c1989
300 _a338 p. ;
_c22 cm
650 0 _aIndustrial policy
650 0 _aTrade regulation
650 0 _aIndustrial laws and legislation
942 _cEK
999 _c15172
_d15172